| 000 | 00533nam a2200193Ia 4500 | ||
|---|---|---|---|
| 003 | GCL | ||
| 008 | 140319s9999 xx 000 0 eng d | ||
| 040 |
_aGCL / _cGCL |
||
| 082 | 0 | 4 |
_a709.73 _bS A |
| 100 | 1 | _aBUETTNER, STEWART | |
| 245 | 1 | 0 |
_aAMERICAN ART THEORY 1945-1970 / _cBUETTNER, STEWART |
| 260 |
_a[S.N] : _bU M I RESEARCH PRESS ، _c1981 |
||
| 300 | _a813 | ||
| 650 | 0 | 4 | _aABSTRACT EXPRESSIONISM UNITED |
| 650 | 0 | 4 | _aART, PHILOSOPHY |
| 650 | 0 | 4 | _aART, AFRICA |
| 650 | 0 | 4 | _aART, MODERN - 20 TH CENTURY |
| 942 |
_2ddc _cBK |
||
| 999 |
_c17350 _d17350 |
||